| 000 | 00678cam a2200229 4500 | ||
|---|---|---|---|
| 008 | 090401t1972 xxu||||| |||| 00| 0 eng d | ||
| 020 | _a0713407271 | ||
| 035 | _a(Sirsi) u52114 | ||
| 041 | _aeng | ||
| 050 | _a745.1 | ||
| 100 | _aDaumas, Maurice | ||
| 245 | _aScientific instruments of the seventeenth and eighteenth centuries and their makers. | ||
| 260 |
_aLondon _bBatsford _c1972 |
||
| 300 | _a361p. : ill. ; 25cm. | ||
| 350 | _a10 | ||
| 520 | _aOriginally published in French. Translated and edited by Mary Holbrook. | ||
| 650 | _aSCIENTIFIC INSTRUMENTS | ||
| 690 | _aLAND SURVEYING | ||
| 700 |
_aHolbrook, Mary _xEditor |
||
| 942 | _n0 | ||
| 948 | _c04/03/1997 | ||
| 999 |
_c92992 _d92992 |
||